| 000 | 00504nam a2200181Ia 4500 | ||
|---|---|---|---|
| 003 | GCL | ||
| 008 | 140319s9999 xx 000 0 eng d | ||
| 040 |
_aGCL / _cGCL |
||
| 082 | 0 | 4 |
_a780.92 _bM W |
| 100 | 1 | _aMILLINGTON, BARRY | |
| 245 | 1 | 0 |
_aTHE WAGNER COMPENDIUM: A GUIDE TO WAGNER'S LIFE AND MUSIC / _cMILLINGTON, BARRY |
| 260 |
_a[S.N] : _bTHAMES AND HUDSON ، _c1992 |
||
| 300 | _a431 | ||
| 650 | 0 | 4 | _aWAGNER, RICHARD 1813 - 1883 |
| 650 | 0 | 4 | _aCOMPOSERS |
| 650 | 0 | 4 | _aMUSICIANS |
| 942 |
_2ddc _cBK |
||
| 999 |
_c23999 _d23999 |
||